01401nam a22002294a 4500003000900000005001700009008004100026020001500067040001300082041000800095044000700103082001600110100002500126245007400151250001100225260003300236300002800269490001000297520081500307650002101122700002801143BOLpUSFA20210910232241.0 t ar a gr 000 | spa | a9879355105 aBOLpUSFA aspa cAR a338.9bB94d aBurin, David (comp.) aDesarrollo local : buna respuesta a escala humana a la globalizacion a1a.ed. aBuenos Aires:bCICCUS,c2001 a301 p. :bil. ;c22 cm. aSigno aContiene - Introducción - Hacia un desarrollo integrador y equitativo: una introducción al desarrollo local - Enfoque de sistemas y análisis comunicacional aplicados a procesos de desarrollo local-políticas sociales municipales y modelos de planificación en la Argentina - La red Argentina de Municipios Autosustentables: una propuesta para relacionar y compartir experiencias - Los gobiernos provinciales: entre la globalización y el desarrollo local - Desarrollo Rural Desarrollo local: Descentralizador y participación democrática como requisitos para una efectiva lucha contra la pobreza rural - Estrategias educativas para el desarrollo local en el medio rural: el programa “centros educativos para la producción total” - Desarrollo local: los pueblos indígenas en la encrucijada. aDesarrollo local aHeras, Ana Ines (comp.)